| 000 | 00775nam a2200241 a 4500 | ||
|---|---|---|---|
| 008 | |||
| 020 | _a0789005190 (hbk.) | ||
| 049 | _aMAIN | ||
| 090 | _aZ679.6 | ||
| 245 | 1 | 0 |
_aManagement of library and archival security : _bfrom the utside looking in / _cRobert K. O'Neil, editor. |
| 260 |
_aNew York: _bHaworth Press, _c1998. |
||
| 300 |
_a120 p. ; _c22 cm. |
||
| 500 | _aIncludes index. | ||
| 504 | _aIncludes bibliographical references. | ||
| 650 |
_aArchives _xsecurity measures _zUnited States. |
||
| 650 | 1 |
_aLibraries _xsecurity measures _zUnited States. |
|
| 700 | _aO'Neil, Robert. | ||
| 907 |
_a.b10184697 _b25-03-10 _c06-01-06 |
||
| 003 | |||
| 005 | 20230123134136.0 | ||
| 040 | _cNUST | ||
| 942 |
_cBOOKS _kZ679.6 |
||
| 999 |
_c160766 _d160766 |
||